ბათუმის შოთა რუსთაველის სახელმწიფო უნივერსიტეტის ბიბლიოთეკა

A guide to Teaching Information Literacy. (ბიბ.ჩანაწერი № 44304)

000 -LEADER
fixed length control field 00902nam a2200253Ia 4500
001 - CONTROL NUMBER
control field 11062
003 - CONTROL NUMBER IDENTIFIER
control field GE_BSU
005 - DATE AND TIME OF LATEST TRANSACTION
control field 20221117114238.0
008 - FIXED-LENGTH DATA ELEMENTS--GENERAL INFORMATION
fixed length control field 181216s2012en xx |||||||||||||| ||eng||
020 ## - INTERNATIONAL STANDARD BOOK NUMBER
International Standard Book Number 9781856046596 x
040 ## - CATALOGING SOURCE
Transcribing agency GE_BSU
041 ## - LANGUAGE CODE
Language code of text/sound track or separate title eng
080 ## - UNIVERSAL DECIMAL CLASSIFICATION NUMBER
Universal Decimal Classification number 025.52 B 64
100 ## - MAIN ENTRY--PERSONAL NAME
Personal name Blanchett, Helen.
9 (RLIN) 15883
245 #2 - TITLE STATEMENT
Title A guide to Teaching Information Literacy.
Remainder of title 101 Practical Tips /
Statement of responsibility, etc. Helen Blanchett, Chris Powis and Jo Webb.
264 ## - PRODUCTION, PUBLICATION, DISTRIBUTION, MANUFACTURE, AND COPYRIGHT NOTICE
Place of production, publication, distribution, manufacture London :
Name of producer, publisher, distributor, manufacturer Facet Publishing,
Date of production, publication, distribution, manufacture, or copyright notice 2012.
300 ## - PHYSICAL DESCRIPTION
Extent 262 p .:
Other physical details 23 cm.
Dimensions ill;
653 ## - INDEX TERM--UNCONTROLLED
keyword A guide to Teaching Information Literacy.
653 ## - INDEX TERM--UNCONTROLLED
keyword საინფორმაციო წიგნიერების სწავლების გზამკვლევი.
653 ## - INDEX TERM--UNCONTROLLED
keyword ტემპუსის პროექტით
700 ## - ADDED ENTRY--PERSONAL NAME
Personal name Powis, Chris and Jo Webb
9 (RLIN) 15884
942 ## - ADDED ENTRY ELEMENTS (KOHA)
Koha item type წიგნი
Source of classification or shelving scheme
ეგზემპლარები
Withdrawn status Lost status Source of classification or shelving scheme Damaged status Not for loan Permanent Location Current Location Shelving location Date acquired Cost, normal purchase price Full call number Barcode Date last seen Copy number Price effective from Koha item type Public note
          ბათუმის შოთა რუსთაველის სახელმწიფო უნივერსიტეტის მთავარი ბიბლიოთეკა ბათუმის შოთა რუსთაველის სახელმწიფო უნივერსიტეტის მთავარი ბიბლიოთეკა წიგნსაცავი 2018-12-17 194.00 025.52 B 64 35423 2018-12-17 35423 2018-12-17 წიგნი 194Gel.